Statistics for Countries Beginning With G

Click here to take the quiz!

General Stats

  • This quiz has been taken 27 times
  • The average score is 7 of 10

Answer Stats

Answer% Correct
Ghana
88%
Germany
83%
Guatemala
83%
Guinea
79%
Guyana
75%
Gabon
71%
Grenada
71%
Guinea-Bissau
71%
Greece
58%
Georgia
54%

Score Distribution

Percentile by Number Answered

Percent of People with Each Score

Your Score History

You have not taken this quiz